000 00619nam a2200229Ia 4500
003 OSt
005 20221005025418.0
006 a|||||r|||| 00| 0
007 ta
008 221004b |||||||| |||| 00| 0 eng d
024 _a77128
037 _cTextual
040 _aCRL
_cCRL
_beng
041 _2eng
_aeng
082 _a902, J3
245 0 _aCultural heritage of India
_b Sri Ramakrishna centenary memorial
260 _aCalcutta
_bSri Ramakrishna Centenary Committee India
_c1953
300 _a614p.
_ccm.
650 _aGENERALIA
942 _h902, J3
_cTEXL
_2cc
999 _c934673
_d934673